000 00642nam a2200241Ia 4500
005 20251020182442.0
008 200515s9999 xx 000 0 und d
020 _a978-84-92499-76-2
082 _a528.785/M83
100 _aBernabé Poveda, Miguel Ángel
100 _aMoya Honduvilla, Javier
245 0 _aDescubrir : la cartografía aeronáutica
260 _aMadrid
260 _bAeropuertos Españoles y Navegación Aérea
260 _c2011
300 _a192 p.
300 _bil., tbl., graf., map.
500 _a1 ejemplar
650 _aCARTOGRAFIA
650 _aCARTOGRAFIA AERONAUTICA
942 _cLIB
999 _c564
_d564